000
00231nam a2200097Ia 4500
008
170619s9999 xx 000 0 und d
100
_a
PRESSMAN- ROGER S.
245
0
_a
SOFTWARE ENGINEERING
260
_b
PEARSON EDU. DELHI
260
_c
2010
546
_a
ENGLISH
999
_c
23117
_d
23117